Hombres entre lava y pinos

Gardado en:
Detalles Bibliográficos
Autor Principal: González y Contreras, Gilberto
Formato: Libro
Idioma:Undetermined
Publicado: México, Distrito Federal B. Costa Amic 1946
Materias:
Etiquetas: Engadir etiqueta
Sen Etiquetas, Sexa o primeiro en etiquetar este rexistro!

MARC

LEADER 00000nam a2200000Ia 4500
008 170316s9999 xx 000 0 und d
040 |a cru BVZT 
090 |a 860 G-26h 
100 |a González y Contreras, Gilberto 
245 |a Hombres entre lava y pinos 
260 |a México, Distrito Federal 
260 |b B. Costa Amic 
260 |c 1946 
300 |a 315 páginas 
650 |a LITERATURA LATINOAMERICANA 
999 |c 8753  |d 8753 
942 |c 15 D  |h 860 G-26h  |2 z